UBT Library

UNDERSTANDABLE STATISTICS (Record no. 59105)

000 -LEADER
fixed length control field 00337nam a22001457a 4500
008 - FIXED-LENGTH DATA ELEMENTS--GENERAL INFORMATION
fixed length control field 221206b ||||| |||| 00| 0 eng d
020 ## - INTERNATIONAL STANDARD BOOK NUMBER
International Standard Book Number 9781285462820
041 ## - LANGUAGE CODE
Language code of text/sound track or separate title eng
080 ## - UNIVERSAL DECIMAL CLASSIFICATION NUMBER
Edition identifier 11TH EDITION
Universal Decimal Classification number 311
082 ## - DEWEY DECIMAL CLASSIFICATION NUMBER
Classification number 311BRA
100 ## - Rafti
Rafti 25.2
101 ## - Shkurtesa
Shkurtesa STATIS
245 ## - TITLE STATEMENT
Title UNDERSTANDABLE STATISTICS
Statement of responsibility, etc BRASE.H.CH
942 ## - ADDED ENTRY ELEMENTS (KOHA)
Source of classification or shelving scheme
Item type Books
Holdings
Withdrawn status Lost status Source of classification or shelving scheme Damaged status Not for loan Collection code Permanent location Current location Date acquired Total Checkouts Full call number Barcode Date last seen Price effective from Koha item type
          Koleksioni i përgjithshem UBT - Lipjan UBT - Lipjan 12/06/2022   311BRA 002-80002870030013 12/06/2022 12/06/2022 Books
          Koleksioni i përgjithshem UBT - Lipjan UBT - Lipjan 02/13/2023   311BRA 003-313 02/13/2023 02/13/2023 Books
UBT Library © 2015-2024. All rights reserved University Education for Business and Technology